| 000 | 00908nam a2200217 i 4500 | ||
|---|---|---|---|
| 001 | 168078 | ||
| 003 | ES-MaACL | ||
| 005 | 20230906213657.0 | ||
| 008 | 030808s1866 gw |||| | eng d | ||
| 040 |
_aCCPB | B _bspa _cCCPB | B |
||
| 100 | 1 |
_aYonge, Charlotte Mary ( _d1823-1901) _9133993 |
|
| 245 | 1 | 4 |
_aThe dove in the eagle's nest _b: in two volumes / _cby the author of "The heir of Redclyffe". |
| 250 | _aCopyright ed. | ||
| 260 |
_aLeipzig : _bBernhard Tauchnitz, _c1866. |
||
| 300 |
_a2 v. (XVI, 261 ; 250 p.) ; _c16 cm. |
||
| 490 | 1 |
_aCollections of British authors. Tauchnitz edition ; _v834-835 |
|
| 594 | _aSegĂșn la Enciclopedia Universal Ilustrada Espasa la autora de esta obra es Charlotte Mary Yonge. | ||
| 830 | 0 |
_aCollections of British authors. Tauchnitz edition ; _v834-835 _9222672 |
|
| 852 |
_aES-MaACL _jG-12833 _z-- Enc. hol. _z-- Enc. 2 t. en 1 v. |
||
| 999 |
_c168078 _d168078 |
||